000 00558nam a2200169 a 4500
008 080109s1975 ||||||||||||||||| || u
050 _aHD 31 New
100 _aNewstrom, John W
245 1 2 _aA Contingency approach to management
246 _areadings
260 _aNew York
_bMcGraw-Hill
_c[1975]
300 _axvi, 570p. : ill.
350 _a0.00
650 0 _aMANAGEMENT
700 _aMonczka, Robert M
995 _D0.00
_FCBU-MAIN LIBRARY (Kitwe)
_H1
_I0.00
_M1
_UDAMAGED
_ZMain Library Open Access Collection
999 _c38666
_d38666